000
00223nam a2200085Ia 4500
008
120527s9999 xx 000 0 und d
100
_a
Diggory, S.F
245
_a
Learning disabilities: A psychological perspective
942
_c
BK
999
_c
27388
_d
27388